Professor doctor Ehsan Ali: (Record no. 332344)
[ view plain ]
| 000 -LEADER | |
|---|---|
| fixed length control field | nam a22 7a 4500 |
| 003 - CONTROL NUMBER IDENTIFIER | |
| control field | NUST |
| 005 - DATE AND TIME OF LATEST TRANSACTION | |
| control field | 20171128094016.0 |
| 008 - FIXED-LENGTH DATA ELEMENTS--GENERAL INFORMATION | |
| fixed length control field | 171128b xxu||||| |||| 00| 0 eng d |
| 040 ## - CATALOGING SOURCE | |
| Transcribing agency | NUST |
| 082 ## - DEWEY DECIMAL CLASSIFICATION NUMBER | |
| Classification number | 923.7 |
| Author Mark | ALI |
| 100 ## - MAIN ENTRY--PERSONAL NAME | |
| Personal name | Ali, Ehsan |
| 9 (RLIN) | 6794 |
| 245 ## - TITLE STATEMENT | |
| Title | Professor doctor Ehsan Ali: |
| Remainder of title | shakhsiyat aur kirdar / |
| Statement of responsibility, etc. | by Ashir Yousaf Masi'h |
| 260 ## - PUBLICATION, DISTRIBUTION, ETC. | |
| Place of publication, distribution, etc. | Mardan: |
| Name of publisher, distributor, etc. | Adnan printers, |
| Date of publication, distribution, etc. | 2012 |
| 300 ## - PHYSICAL DESCRIPTION | |
| Extent | 175 p. |
| 650 ## - SUBJECT ADDED ENTRY--TOPICAL TERM | |
| Topical term or geographic name entry element | Biography |
| 9 (RLIN) | 461 |
| 880 ## - ALTERNATE GRAPHIC REPRESENTATION | |
| Linkage | 100-01\r |
| Title | احسان علی |
| 880 ## - ALTERNATE GRAPHIC REPRESENTATION | |
| Linkage | 245-02\r |
| Title | پروفیسر ڈاکٹر احسان علی: |
| b | شخصیت اور کردار |
| c | آشر یوسف مسیح |
| 880 ## - ALTERNATE GRAPHIC REPRESENTATION | |
| Linkage | 260-03\r |
| Title | مردان: |
| b | عدنان پرنٹرز، |
| c | 2012 |
| 942 ## - ADDED ENTRY ELEMENTS (KOHA) | |
| Source of classification or shelving scheme | |
| Koha item type | Book |
| Withdrawn status | Lost status | Source of classification or shelving scheme | Damaged status | Not for loan | Permanent Location | Current Location | Shelving location | Date acquired | Full call number | Barcode | Date last seen | Copy number | Price effective from | Koha item type |
|---|---|---|---|---|---|---|---|---|---|---|---|---|---|---|
| Central Library (CL) | Central Library (CL) | Biographies | 11/28/2017 | 923.7 ALI | CL2613 | 11/28/2017 | 2 | 11/28/2017 | Book | |||||
| Central Library (CL) | Central Library (CL) | Biographies | 11/28/2017 | 923.7 ALI | CL1951 | 08/31/2020 | 2 | 11/28/2017 | Book |
